تقييم تجربة بالتل للإدراج المذدوج وتأثيرها على سوق فلسطين للأوراق المالية /
Saved in:
| Main Author: | |
|---|---|
| Other Authors: | |
| Format: | Thesis |
| Language: | Arabic |
| Published: |
Ghazzah :
al-Jami'ah Islamiyah,
2008.
|
| Subjects: | |
| Tags: |
Add Tag
No Tags, Be the first to tag this record!
|
| LEADER | 018960000a22003130004500 | ||
|---|---|---|---|
| 008 | 111121s2011 gz f a 000 00ara d | ||
| 040 | |a UIAM |b eng | ||
| 041 | |a ara | ||
| 050 | |a HG5710.G4 | ||
| 100 | 1 | |a أبوعمرو، غربة محمد نجيب | |
| 242 | 1 | |a Taqyim tajribah bi-al-tall lil-idraj al-muzdawwaj wa-ta'thiruha 'ala suq Filastin lil-awraq al-maliyah. | |
| 245 | 1 | |a تقييم تجربة بالتل للإدراج المذدوج وتأثيرها على سوق فلسطين للأوراق المالية / |c إعداد الطالبة غربة محمد نجيب أبو عمرو ، إشراف علاء الدين الرفاتي | |
| 260 | |a Ghazzah : |b al-Jami'ah Islamiyah, |c 2008. | ||
| 300 | |a xi, 178 leaves ; |c 30 cm. | ||
| 500 | |a "قدمت هذه الرسالة استكمالا لمتطلبات الحصول على درجة الماجستير في ادارة الأعمال " --On t.p. | ||
| 500 | |a Abstract in English and Arabic. | ||
| 502 | |a Thesis (M.A.)--Jami'at al-Islamiyah Ghazzah, 2008. | ||
| 504 | |a Includes bibliographical references (leaves 158-164). | ||
| 596 | |a 1 4 | ||
| 610 | |a Suq Filastin lil-Awraq al-Maliyah | ||
| 650 | |a Stock exchanges |z Palestine | ||
| 655 | |a Theses, Facsimile edition (Islamic) | ||
| 700 | |a Abu 'Amru, Gharbah Muhammad Najib | ||
| 710 | |a Jami'ah al-Islamiyah bi-Ghazzah. |b Kulliyat al-Tijarah. Qism Idarat al-A'mal | ||
| 710 | |a جامعة الاسلامية بغزة. |b كلية التجارة. قسم ادارة الأعمال | ||
| 900 | |a arf-ami | ||
| 999 | |c 433380 |d 464501 | ||
| 952 | |0 0 |6 TI HG 005710 G4 A165T 2008 |7 0 |8 THESES |9 756400 |a IIiBFL |b IIiBFL |c CLOSEACCES |g 256.50 |o ti HG 5710 G4 A165T 2008 |p 00011217285 |r 2017-11-09 |t 1 |v 256.50 |y THESIS | ||
| 952 | |0 0 |6 TI HG 005710 G4 A165T 2008 |7 0 |8 THESES |9 757488 |a IIUM |b IIUM |c MULTIMEDIA |g 256.50 |o ti HG 5710 G4 A165T 2008 |p 00011217286 |r 2017-10-23 |t 1 |v 256.50 |y THESIS | ||
